000 003990000a22001690004500
005 20120302052550.0
942 _cBOOK
100 _a Pascal, Varekat Antony
245 _a Latin and Syrian Hierarchies of Malabar
260 _a-:
_b-,
_c1937
300 _axlvi,348p
040 _aENG
365 _bRs.
650 _aHistory
650 _aLatin-Syrian Hierarchies-Malabar
650 _aPortuguese
999 _c340471
_d340468